zpět

Detail výsledku týmu

Filmový kvíz Plzeň, Plzeň

Datum a čas kvízu

23.5 Celkem bodů Celkový počet nahraných bodů na tomto kvízu bez doplňovacích otázek.
10. Pořadí na kvízu Konečné umístění týmu na tomto kvízu.

Zaznamenané odpovědi

# Otázka Odpověď Body Výsledky
1. Jak jinak začít tento speciál,... 0
2. Dle monologu vypravěčky na zač... 0
3. U zrodu Prstenů moci stáli elf... 0
4. Jeden prsten vládne všem, Jede... 0
5. Kdo byl v době, kterou popisuj... 0
6. Ve filmovém zpracování se již... 0
7. Kolikáté narozeniny slavil Bil... 0
8. Na velkolepé oslavě svých naro... 0
9. Kolik Nazgûlů zaútočilo na Fro... 1
10. Seřaďte členy Společenstva od... 1